000 01082nam a2200241 a 4500
001 57397
003 BD-RjUL
005 20211209080514.0
008 161208s1975 bg ||||| |||| 00| 0 ben d
020 _c: TK 5.50
035 _a(BD-RjUL)57521
040 _aBD-RjUL
_bben
_cBD-RjUL
041 _aben
082 _223
_a297.63092
_bHAR 1975
100 _aহাই, আবু সলিম মুহাম্মদ আবদুল
_9170463
245 1 0 _aরসূলুল্লাহর বিপ্লবী জীবন /
_cআবু সলিম মুহাম্মদ আবদুল হাই; মুহাম্মদ হাবীবুর রহমান
260 _aঢাকা :
_bখোশরোজ কিতাব মহল,
_c১৯৭৫
300 _a১৭৮ পৃ. ;
_c২১ সেমি.
600 _aমুহম্মদ, হযরত (সাঃ)
_d৫৭০-৬৩২
_9180586
600 _aMuhammad, Hazarat (sm)
_d570-632
_9170465
700 _aরহমান, মুহাম্মদ হাবীবুর
_9170466
942 _2ddc
_cBK
999 _c57397
_d57397